| 000 | 00635cam a2200181 a 4500 | ||
|---|---|---|---|
| 020 | _a0873714040 | ||
| 082 | 0 | 0 |
_a551.49 _bROW _cL-39, P-127. |
| 100 | 1 |
_aRowe, Garry W. _940353 |
|
| 245 | 1 | 0 |
_aBuilding and using a groundwater database / _cGarry W. Rowe, Sylvia J. Dulaney. |
| 260 |
_aChelsea, Mich. : _bLewis Publishers, _cc1991. |
||
| 300 |
_aix, 218 p. : _bill., maps ; _c25 cm. |
||
| 526 |
_a0 _b0 _c0 _d551_490000000000000_ROW |
||
| 650 | 0 |
_aGroundwater _xDatabases. _940354 |
|
| 650 | 0 |
_aMCE _9379 |
|
| 700 | 1 |
_aDulaney, Sylvia J. _940355 |
|
| 856 | 4 | 2 | _uhttp://www.loc.gov/catdir/enhancements/fy0744/91076319-d.html |
| 942 |
_2ddc _cBK |
||
| 999 |
_c544678 _d544678 |
||